[Minute book of the Land Surveyors Club] (Record no. 114911)

MARC details
000 -LEADER
fixed length control field 00833ctm a22001935a 4500
001 - CONTROL NUMBER
control field L157674
008 - FIXED-LENGTH DATA ELEMENTS--GENERAL INFORMATION
fixed length control field 130226m1834 xxk f 000 0 eng d
035 ## - SYSTEM CONTROL NUMBER
System control number (Sirsi) u157674
041 0# - LANGUAGE CODE
Language code of text/sound track or separate title eng
110 2# - MAIN ENTRY--CORPORATE NAME
Corporate name or jurisdiction name as entry element Land Surveyors Club
9 (RLIN) 4346
245 01 - TITLE STATEMENT
Title [Minute book of the Land Surveyors Club]
260 ## - PUBLICATION, DISTRIBUTION, ETC.
Date of publication, distribution, etc. 1834-1910
300 ## - PHYSICAL DESCRIPTION
Extent 1 v.
Dimensions 33 cm.
520 ## - SUMMARY, ETC.
Summary, etc. A minute book of the Land Surveyors' Club, which was established on 21 June 1834. The founding members were: William Blount, Layton Cooke, Henry Crawter, Thomas Chapman, Edward Driver and J. T. Tatham. Letters from members of the club on various subjects have been pasted in together with press clippings and photographs.
583 ## - ACTION NOTE
Action Condition reviewed
Time/date of action 20120226
Status condition level 1
651 #4 - SUBJECT ADDED ENTRY--GEOGRAPHIC NAME
Geographic name Great Britain
Chronological subdivision 1707-
690 ## - LOCAL SUBJECT ADDED ENTRY--TOPICAL TERM (OCLC, RLIN)
Topical term or geographic name as entry element Business and management
942 ## - ADDED ENTRY ELEMENTS (KOHA)
Suppress in OPAC 0
Holdings
Withdrawn status Lost status Source of classification or shelving scheme Damaged status Not for loan Home library Current library Shelving location Date acquired Total Checkouts Full call number Barcode Date last seen Copy number Price effective from Koha item type
    Dewey Decimal Classification     Historic collection Historic collection Historic collection 26/02/2013   FOLIO 1834 LAND 30066461 06/08/2019 1 06/08/2019 Book